[Event "FIDE World Youth U16 Chess Olympiad SLOVAKIA 2016"]
[Site "Poprad Tatry SLOVAKIA"]
[Date "2016.07.22"]
[Round "1"]
[Board "2"]
[White "Sandor, Martin"]
[Black "Muha, Miljenko"]
[Result "1/2-1/2"]
[WhiteElo "1763"]
[BlackElo "2257"]
[PlyCount "92"]
[EventDate "2016.07.22"]
[EventType "team"]
[EventRounds "9"]
[EventCountry "SVK"]
[WhiteTeam "Slovakia BSZ"]
[BlackTeam "Croatia"]

1. e4 e6 2. d4 d5 3. Nd2 c5 4. exd5 exd5 5. Bb5+ Bd7 6. Bxd7+ Nxd7 7. Ngf3 Qe7+
8. Qe2 c4 9. c3 Qxe2+ 10. Kxe2 Bd6 11. b3 cxb3 12. axb3 Ngf6 13. Ba3 Bxa3 14.
Rxa3 O-O 15. Rc1 Rfe8+ 16. Kf1 a6 17. c4 Rad8 18. c5 Nb8 19. b4 Nc6 20. Rb3 Ne4
21. Nb1 g5 22. Rd1 Re6 23. Na3 Rde8 24. b5 axb5 25. Nxb5 g4 26. Nc7 gxf3 27.
gxf3 Na5 28. Nxe8 Nxb3 29. fxe4 Rxe8 30. exd5 Kf8 31. c6 bxc6 32. dxc6 Rc8 33.
d5 Na5 34. Rd3 Nc4 35. d6 Nxd6 36. Rxd6 Ke7 37. Rh6 Rh8 38. Ke2 Kd8 39. Kd3 Kc7
40. Kc4 Rg8 41. Rxh7 Kxc6 42. Rxf7 Rh8 43. f4 Rxh2 44. f5 Rh4+ 45. Kd3 Kd6 46.
Ke3 Ke5 1/2-1/2

[Event "FIDE World Youth U16 Chess Olympiad SLOVAKIA 2016"]
[Site "Poprad Tatry SLOVAKIA"]
[Date "2016.07.22"]
[Round "1"]
[Board "3"]
[White "Tomulic, Teo"]
[Black "Vozarova, Adriana"]
[Result "1-0"]
[WhiteElo "2121"]
[BlackElo "1561"]
[PlyCount "55"]
[EventDate "2016.07.22"]
[EventType "team"]
[EventRounds "9"]
[EventCountry "SVK"]
[WhiteTeam "Croatia"]
[BlackTeam "Slovakia BSZ"]

1. e4 e5 2. Nf3 Nc6 3. Bb5 a6 4. Ba4 Nf6 5. O-O Be7 6. Re1 b5 7. Bb3 O-O 8. c3
d6 9. h3 Na5 10. Bc2 c5 11. d4 Qc7 12. Nbd2 Rd8 13. d5 Bd7 14. Qe2 b4 15. c4
Nb7 16. Nf1 a5 17. Ng3 Bf8 18. Nh2 g6 19. f4 Bg7 20. f5 gxf5 21. Nxf5 Bxf5 22.
exf5 Kh8 23. g4 Rg8 24. Kh1 h6 25. g5 hxg5 26. Bxg5 Qe7 27. Ng4 Rae8 28. Nxf6
 1-0

[Event "FIDE World Youth U16 Chess Olympiad SLOVAKIA 2016"]
[Site "Poprad Tatry SLOVAKIA"]
[Date "2016.07.22"]
[Round "1"]
[Board "4"]
[White "Petrek, David"]
[Black "Radenic, Filip"]
[Result "0-1"]
[WhiteElo "1548"]
[BlackElo "2083"]
[PlyCount "54"]
[EventDate "2016.07.22"]
[EventType "team"]
[EventRounds "9"]
[EventCountry "SVK"]
[WhiteTeam "Slovakia BSZ"]
[BlackTeam "Croatia"]

1. e4 e6 2. d4 d5 3. Nd2 Ne7 4. Ngf3 g6 5. Be2 Bg7 6. e5 b6 7. O-O O-O 8. Nb3
Ba6 9. Bf4 Bxe2 10. Qxe2 Nd7 11. Rac1 c5 12. c3 Rb8 13. Rfe1 a5 14. a4 Qc7 15.
Bg3 c4 16. Nbd2 Qc6 17. Ra1 b5 18. Nf1 bxa4 19. Qc2 Nb6 20. N1d2 Qc7 21. Nb1
Rb7 22. Na3 Qd7 23. Bh4 Nc6 24. Nb5 Nb4 25. cxb4 Qxb5 26. bxa5 Qxa5 27. Be7
Rxe7 0-1

[Event "FIDE World Youth U16 Chess Olympiad SLOVAKIA 2016"]
[Site "Poprad Tatry SLOVAKIA"]
[Date "2016.07.22"]
[Round "1"]
[Board "1"]
[White "Ihnat, Marek"]
[Black "Zlatin, Alexander"]
[Result "0-1"]
[WhiteElo "1827"]
[BlackElo "2146"]
[PlyCount "88"]
[EventDate "2016.07.22"]
[EventType "team"]
[EventRounds "9"]
[EventCountry "SVK"]
[WhiteTeam "Slovakia KSZ"]
[BlackTeam "Israel Rehovot Chess School"]

1. e4 e5 2. Nc3 Nc6 3. Bc4 Bc5 4. Qg4 g6 5. Qf3 Nf6 6. Nd5 Nxd5 7. Bxd5 Qe7 8.
Ne2 Nd8 9. d3 c6 10. Bb3 d6 11. Be3 Bxe3 12. fxe3 Be6 13. Bxe6 Nxe6 14. O-O O-O
15. Qf6 Qxf6 16. Rxf6 Kg7 17. Rf2 f6 18. Raf1 Rf7 19. d4 Re8 20. dxe5 dxe5 21.
Rd1 Rd8 22. Rxd8 Nxd8 23. Nc3 Rd7 24. Kf1 Kf7 25. Ke1 Ke6 26. Rd2 Rd6 27. Rxd6+
Kxd6 28. Kd2 Ne6 29. Nd1 Nc5 30. Nf2 a5 31. a3 b5 32. b4 Nb7 33. Nd3 a4 34. Ke2
Ke7 35. Kf3 Nd6 36. Nb2 Ke6 37. g4 Nf7 38. h4 Nd6 39. h5 Nf7 40. c4 Ng5+ 41.
Ke2 gxh5 42. gxh5 Nxe4 43. Kd3 Nd6 44. cxb5 cxb5 0-1

[Event "FIDE World Youth U16 Chess Olympiad SLOVAKIA 2016"]
[Site "Poprad Tatry SLOVAKIA"]
[Date "2016.07.22"]
[Round "1"]
[Board "2"]
[White "Parkhov, Yair"]
[Black "Ondo, Tomas"]
[Result "1-0"]
[WhiteElo "2162"]
[BlackElo "1795"]
[PlyCount "159"]
[EventDate "2016.07.22"]
[EventType "team"]
[EventRounds "9"]
[EventCountry "SVK"]
[WhiteTeam "Israel Rehovot Chess School"]
[BlackTeam "Slovakia KSZ"]

1. d4 Nf6 2. c4 g6 3. Nc3 d5 4. Bf4 Bg7 5. e3 O-O 6. Nf3 c5 7. dxc5 Qa5 8. Rc1
Rd8 9. Qb3 Qxc5 10. Be5 e6 11. cxd5 Nxd5 12. Bxg7 Kxg7 13. Be2 Nc6 14. O-O Qb6
15. Bb5 Nde7 16. Rfd1 a6 17. Bxc6 Qxb3 18. axb3 Rxd1+ 19. Rxd1 Nxc6 20. Ne4 Kf8
21. Nf6 Kg7 22. Ne4 Kf8 23. Nfg5 h6 24. Nh7+ Ke7 25. Nhf6 h5 26. h4 Ne5 27. b4
Nd7 28. Ng8+ Kf8 29. Nef6 Nxf6 30. Nxf6 Ke7 31. Ng8+ Ke8 32. f4 b5 33. e4 Bb7
34. e5 Kf8 35. Nf6 Rc8 36. Rd7 Bc6 37. Ra7 Ra8 38. Rxa8+ Bxa8 39. Nd7+ Ke7 40.
Nc5 Kd8 41. Nxa6 Kd7 42. Kf2 Kc6 43. Ke3 Kb6 44. Nc5 Bxg2 45. Kd4 Bc6 46. Nd3
Bd5 47. Nc1 Bc6 48. Na2 Bb7 49. Nc3 Bc6 50. Nd1 Bb7 51. Nf2 Bg2 52. Nd1 Bb7 53.
Nc3 Bc6 54. Na2 Bb7 55. Ke3 Bc6 56. Nc3 Bb7 57. Ne2 Bc6 58. Ng1 Bg2 59. Kf2 Bb7
60. Nh3 Bc6 61. Ng5 Be8 62. Ke3 Kc6 63. Kd4 Kb6 64. Ne4 Bc6 65. Ng5 Be8 66. Ke3
Kc6 67. Ne4 Kb6 68. Nd6 Bc6 69. Nxf7 Be8 70. Ng5 Bd7 71. Ne4 Bc6 72. Nc5 Bd5
73. Nd7+ Kc7 74. Nf8 Kd8 75. Nxg6 Ke8 76. Kd4 Bc4 77. f5 exf5 78. Nf4 Kf7 79.
Nxh5 Ke6 80. Ng7+ 1-0

[Event "FIDE World Youth U16 Chess Olympiad SLOVAKIA 2016"]
[Site "Poprad Tatry SLOVAKIA"]
[Date "2016.07.22"]
[Round "1"]
[Board "3"]
[White "Petura, Samuel"]
[Black "Gorodetzky, Matan"]
[Result "0-1"]
[WhiteElo "1632"]
[BlackElo "2127"]
[PlyCount "68"]
[EventDate "2016.07.22"]
[EventType "team"]
[EventRounds "9"]
[EventCountry "SVK"]
[WhiteTeam "Slovakia KSZ"]
[BlackTeam "Israel Rehovot Chess School"]

1. e4 e6 2. d4 d5 3. exd5 exd5 4. Nf3 Bd6 5. Bd3 Nc6 6. O-O Nge7 7. Nc3 Bg4 8.
Be3 Qd7 9. Be2 f6 10. a3 O-O-O 11. Rb1 Kb8 12. b4 Rde8 13. Nh4 h5 14. Qd3 g5
15. Nf3 Bf5 16. Qd2 h4 17. Ne1 Nd8 18. Nd3 c6 19. Nc5 Qc7 20. N3a4 Bxh2+ 21.
Kh1 Nc8 22. b5 Nb6 23. Nc3 Ka8 24. bxc6 bxc6 25. Na6 Qd6 26. a4 Nb7 27. Nc5 Re7
28. Ba6 Bc8 29. Bd3 Bf4 30. Na6 Bxe3 31. fxe3 h3 32. g4 Bxg4 33. e4 h2 34. Qg2
Bh3 0-1

[Event "FIDE World Youth U16 Chess Olympiad SLOVAKIA 2016"]
[Site "Poprad Tatry SLOVAKIA"]
[Date "2016.07.22"]
[Round "1"]
[Board "4"]
[White "Katkov, Michelle"]
[Black "Hadzala, Juraj"]
[Result "1/2-1/2"]
[WhiteElo "1612"]
[BlackElo "1516"]
[PlyCount "82"]
[EventDate "2016.07.22"]
[EventType "team"]
[EventRounds "9"]
[EventCountry "SVK"]
[WhiteTeam "Israel Rehovot Chess School"]
[BlackTeam "Slovakia KSZ"]

1. e4 c5 2. c3 e6 3. d4 d5 4. exd5 exd5 5. Bd3 Nc6 6. Nf3 Bd6 7. O-O Nge7 8.
Be3 cxd4 9. Nxd4 O-O 10. Nd2 Nxd4 11. Bxd4 Nf5 12. Nf3 Nxd4 13. cxd4 Qb6 14.
Ng5 g6 15. Bc2 Bf4 16. h4 Bxg5 17. hxg5 Qxb2 18. Kh2 Be6 19. Rh1 f6 20. Kg1
Rac8 21. Qe1 Bd7 22. Bb3 Qxd4 23. Rd1 Qe5 24. Bxd5+ Kg7 25. gxf6+ Qxf6 26. Qe3
h5 27. Re1 Rfe8 28. Be4 Bf5 29. Qd3 Bxe4 30. Rxe4 Rc1+ 31. Kh2 Rxh1+ 32. Kxh1
Rxe4 33. Qxe4 Qxf2 34. Qxb7+ Kh6 35. Qb3 Qe1+ 36. Kh2 a5 37. Qg8 Qb4 38. Qh8+
Kg5 39. Qe5+ Kh6 40. Qh8+ Kg5 41. Qe5+ Kh6 1/2-1/2

[Event "FIDE World Youth U16 Chess Olympiad SLOVAKIA 2016"]
[Site "Poprad Tatry SLOVAKIA"]
[Date "2016.07.22"]
[Round "1"]
[Board "1"]
[White "Gorcsi, Gabor"]
[Black "Sankova, Stella"]
[Result "1-0"]
[WhiteElo "2263"]
[BlackElo "1911"]
[PlyCount "129"]
[EventDate "2016.07.22"]
[EventType "team"]
[EventRounds "9"]
[EventCountry "SVK"]
[WhiteTeam "Hungary 2"]
[BlackTeam "Slovakia RSA BB Detva"]

1. d4 d5 2. c4 c6 3. Nf3 Nf6 4. Nc3 dxc4 5. e3 b5 6. a4 b4 7. Nb1 Ba6 8. Be2 e6
9. O-O c5 10. Ne5 Nbd7 11. Nxc4 Be7 12. b3 cxd4 13. exd4 O-O 14. Bb2 Bb7 15.
Nbd2 Rc8 16. a5 a6 17. Re1 Nd5 18. Bf3 Bc6 19. Ne4 N7f6 20. Qd2 Nxe4 21. Bxe4
Bg5 22. Qc2 Nf6 23. Bxc6 Rxc6 24. Qd3 Nd5 25. g3 Bf6 26. Rec1 Qd7 27. Rc2 Rfc8
28. Rac1 R8c7 29. Qe4 Qd8 30. Rd1 Ne7 31. Qe1 Nd5 32. Re2 Qd7 33. Rd3 Rc8 34.
Qd2 R8c7 35. Rf3 Rc8 36. Kg2 R8c7 37. Re4 Rc8 38. h4 Qc7 39. Qd3 Qd8 40. Re1
Qd7 41. Rh1 Qc7 42. Qe4 Qd8 43. Rh2 Nc3 44. Bxc3 bxc3 45. Rxc3 Qxd4 46. Qxd4
Bxd4 47. Rd3 Bf6 48. Rh1 Rb8 49. Rhd1 g6 50. Nb6 Kg7 51. b4 Rc3 52. Rxc3 Bxc3
53. Rb1 Rd8 54. Rb3 Bf6 55. Na4 Rd2 56. Nc5 Rd6 57. Kf3 Be7 58. Ke3 Rc6 59. Kd4
Bf6+ 60. Kc4 Rd6 61. Rd3 Rc6 62. Rd7 Be5 63. f4 Bc7 64. b5 axb5+ 65. Kxb5 1-0

[Event "FIDE World Youth U16 Chess Olympiad SLOVAKIA 2016"]
[Site "Poprad Tatry SLOVAKIA"]
[Date "2016.07.22"]
[Round "1"]
[Board "2"]
[White "Cibikova, Sofia Anna"]
[Black "Bohus, Adam"]
[Result "0-1"]
[WhiteElo "1682"]
[BlackElo "2200"]
[PlyCount "86"]
[EventDate "2016.07.22"]
[EventType "team"]
[EventRounds "9"]
[EventCountry "SVK"]
[WhiteTeam "Slovakia RSA BB Detva"]
[BlackTeam "Hungary 2"]

1. Nf3 d5 2. d4 Nf6 3. Bf4 c5 4. e3 Nc6 5. Nbd2 g6 6. Be2 Bg7 7. c3 O-O 8. O-O
b6 9. h3 Bb7 10. Ne5 Nd7 11. Nxc6 Bxc6 12. Nf3 Qc8 13. Rc1 Qb7 14. b4 c4 15. a4
b5 16. a5 f6 17. Bh2 e5 18. Re1 Rae8 19. Qc2 Bh6 20. Rcd1 e4 21. Nd2 f5 22. Nf1
g5 23. Bh5 Re6 24. Nd2 Nf6 25. Be2 f4 26. Rf1 Qg7 27. Bg4 Nxg4 28. hxg4 Bd7 29.
Rde1 Re7 30. Qd1 Qg6 31. Qe2 Qe6 32. f3 exf3 33. Nxf3 Qxg4 34. Ne5 Qxe2 35.
Rxe2 Bf5 36. exf4 Bd3 37. Nxd3 Rxe2 38. Ne5 gxf4 39. Nd7 Rf7 40. Ne5 Rf5 41.
Nc6 Rg5 42. Rf2 f3 43. Kf1 Rxf2+ 0-1

[Event "FIDE World Youth U16 Chess Olympiad SLOVAKIA 2016"]
[Site "Poprad Tatry SLOVAKIA"]
[Date "2016.07.22"]
[Round "1"]
[Board "3"]
[White "Pribelszky, Bence"]
[Black "Cabanova, Kristina"]
[Result "1-0"]
[WhiteElo "2162"]
[BlackElo "1609"]
[PlyCount "47"]
[EventDate "2016.07.22"]
[EventType "team"]
[EventRounds "9"]
[EventCountry "SVK"]
[WhiteTeam "Hungary 2"]
[BlackTeam "Slovakia RSA BB Detva"]

1. e4 e6 2. d4 d5 3. Nc3 Bb4 4. exd5 exd5 5. Bd3 Ne7 6. a3 Bd6 7. Nb5 c6 8.
Nxd6+ Qxd6 9. Qf3 O-O 10. Ne2 Qd7 11. h3 Re8 12. g4 b6 13. Be3 Bb7 14. h4 c5
15. h5 cxd4 16. Bxd4 Nbc6 17. Bxh7+ Kf8 18. O-O-O Nxd4 19. Nxd4 Nc6 20. h6 Ne5
21. hxg7+ Kxg7 22. Nf5+ Kf8 23. Qf4 Qc6 24. Qg5 1-0

[Event "FIDE World Youth U16 Chess Olympiad SLOVAKIA 2016"]
[Site "Poprad Tatry SLOVAKIA"]
[Date "2016.07.22"]
[Round "1"]
[Board "4"]
[White "Bobrova, Katarina"]
[Black "Kovacs, Judit"]
[Result "0-1"]
[WhiteElo "1370"]
[BlackElo "2114"]
[PlyCount "60"]
[EventDate "2016.07.22"]
[EventType "team"]
[EventRounds "9"]
[EventCountry "SVK"]
[WhiteTeam "Slovakia RSA BB Detva"]
[BlackTeam "Hungary 2"]

1. Nf3 d5 2. d4 Nf6 3. Bf4 c5 4. e3 Nc6 5. Nbd2 Qb6 6. Nb3 c4 7. Nc5 Qxb2 8.
Rb1 Qc3+ 9. Qd2 Qxd2+ 10. Nxd2 b6 11. Na4 Bf5 12. Rb2 e6 13. f3 Ba3 14. Rb5
Bxc2 15. Nc3 Bb4 16. Ne2 Ba4 17. Rxb4 Nxb4 18. Nc3 Bd7 19. e4 Nc2+ 20. Kd1 Nxd4
21. Be5 Nb5 22. Bxf6 gxf6 23. Nxb5 Bxb5 24. Be2 Ba4+ 25. Kc1 b5 26. Re1 d4 27.
f4 d3 28. Bf3 c3 29. e5 Rd8 30. Ne4 d2+ 0-1

[Event "FIDE World Youth U16 Chess Olympiad SLOVAKIA 2016"]
[Site "Poprad Tatry SLOVAKIA"]
[Date "2016.07.22"]
[Round "1"]
[Board "1"]
[White "Kardis, Benjamin"]
[Black "Anaskin, Arsenij"]
[Result "0-1"]
[WhiteElo "1720"]
[BlackElo "2139"]
[PlyCount "82"]
[EventDate "2016.07.22"]
[EventType "team"]
[EventRounds "9"]
[EventCountry "SVK"]
[WhiteTeam "Slovakia PSZ"]
[BlackTeam "Czech republic"]

1. e4 d6 2. d4 Nf6 3. Nc3 Nbd7 4. Nf3 e5 5. dxe5 dxe5 6. Bc4 Bc5 7. O-O O-O 8.
Bg5 c6 9. Qe2 b5 10. Bd3 Qc7 11. Be3 Rd8 12. a3 a5 13. Rad1 Be7 14. Nd2 Nc5 15.
Bxc5 Bxc5 16. h3 Be6 17. Qf3 Bd4 18. Rb1 Nd7 19. Nb3 Bxc3 20. bxc3 Qd6 21. Ra1
a4 22. Nc1 Nb6 23. Ne2 Nc4 24. Bxc4 Bxc4 25. Rfe1 Bxe2 26. Rxe2 Qc5 27. Kf1 Rd6
28. Ke1 Rad8 29. Qe3 Qxa3 30. Rb1 Qb2 31. Rc1 a3 32. Kf1 Rd1+ 33. Re1 Rxc1 34.
Rxc1 a2 35. Qe1 Ra8 36. Ra1 Qxc2 37. g3 Ra3 38. Kg2 Rxc3 39. Rxa2 Rxg3+ 40.
Kxg3 Qxa2 41. Qd1 g6 0-1

[Event "FIDE World Youth U16 Chess Olympiad SLOVAKIA 2016"]
[Site "Poprad Tatry SLOVAKIA"]
[Date "2016.07.22"]
[Round "1"]
[Board "2"]
[White "Jelinek, Michal"]
[Black "Panko, Eduard"]
[Result "1-0"]
[WhiteElo "2176"]
[BlackElo "1712"]
[PlyCount "81"]
[EventDate "2016.07.22"]
[EventType "team"]
[EventRounds "9"]
[EventCountry "SVK"]
[WhiteTeam "Czech republic"]
[BlackTeam "Slovakia PSZ"]

1. d4 Nf6 2. c4 e6 3. Nc3 d5 4. cxd5 exd5 5. Bg5 Be7 6. e3 O-O 7. Bd3 c6 8. Qc2
Nbd7 9. Nge2 Re8 10. O-O Nf8 11. f3 Ng6 12. Rad1 Nh5 13. Bxe7 Qxe7 14. e4 dxe4
15. fxe4 Bg4 16. Rf2 Rad8 17. Rdf1 Rf8 18. Bc4 Nf6 19. e5 Nd5 20. Nxd5 cxd5 21.
Bd3 Qb4 22. a3 Qb6 23. Qd2 Ne7 24. Nc3 Nc6 25. Rf4 Bh5 26. Kh1 Ne7 27. Qf2 Qe6
28. Bxh7+ Kxh7 29. Rh4 g6 30. g4 Kg7 31. Qf6+ Kg8 32. gxh5 Qxf6 33. Rxf6 Kg7
34. Rg4 Rh8 35. hxg6 Nxg6 36. Nb5 a6 37. Nd6 Rd7 38. Nxf7 Rxf7 39. Rgxg6+ Kf8
40. Rxf7+ Kxf7 41. Rd6 1-0

[Event "FIDE World Youth U16 Chess Olympiad SLOVAKIA 2016"]
[Site "Poprad Tatry SLOVAKIA"]
[Date "2016.07.22"]
[Round "1"]
[Board "3"]
[White "Verbovsky, Michal"]
[Black "Dolansky, Lukas"]
[Result "0-1"]
[WhiteElo "1685"]
[BlackElo "2102"]
[PlyCount "110"]
[EventDate "2016.07.22"]
[EventType "team"]
[EventRounds "9"]
[EventCountry "SVK"]
[WhiteTeam "Slovakia PSZ"]
[BlackTeam "Czech republic"]

1. e4 e5 2. Nf3 Nc6 3. d4 exd4 4. Bc4 Bc5 5. c3 d3 6. Qxd3 d6 7. O-O Nge7 8. b4
Bb6 9. Be3 O-O 10. Nbd2 Ng6 11. Bb3 Bg4 12. Rae1 Nce5 13. Nxe5 dxe5 14. Qc2
Bxe3 15. Rxe3 Nf4 16. f3 Be6 17. Bxe6 Nxe6 18. Rd3 Qg5 19. Nb3 Rad8 20. Rfd1
Nf4 21. Rxd8 Rxd8 22. Rxd8+ Qxd8 23. Nc1 Qd6 24. g3 Qb6+ 25. Kf1 Nh3 26. Qg2
Qe3 27. Qxh3 Qxc1+ 28. Ke2 Qc2+ 29. Kf1 Qb1+ 30. Ke2 Qxa2+ 31. Ke3 Qe6 32. Qg2
Kf8 33. Qd2 Qh6+ 34. f4 exf4+ 35. gxf4 Qh3+ 36. Kd4 Qd7+ 37. Ke3 Qxd2+ 38. Kxd2
Ke7 39. Kd3 f6 40. Kd4 g6 41. c4 Ke6 42. h3 a6 43. h4 h6 44. Kd3 g5 45. fxg5
fxg5 46. h5 Ke5 47. Ke3 b6 48. Kd3 a5 49. bxa5 bxa5 50. c5 g4 51. Kc4 c6 52.
Kb3 Kxe4 53. Ka4 g3 54. Kxa5 g2 55. Kb6 Kd5 0-1

[Event "FIDE World Youth U16 Chess Olympiad SLOVAKIA 2016"]
[Site "Poprad Tatry SLOVAKIA"]
[Date "2016.07.22"]
[Round "1"]
[Board "4"]
[White "Brunova, Blanka"]
[Black "Liscinska, Lucia"]
[Result "0-1"]
[WhiteElo "1880"]
[BlackElo "1619"]
[PlyCount "110"]
[EventDate "2016.07.22"]
[EventType "team"]
[EventRounds "9"]
[EventCountry "SVK"]
[WhiteTeam "Czech republic"]
[BlackTeam "Slovakia PSZ"]

1. e4 e5 2. Nf3 Nc6 3. Bc4 Nf6 4. O-O Nxe4 5. Nc3 Nxc3 6. dxc3 Be7 7. Qd5 O-O
8. Nxe5 Nxe5 9. Qxe5 Bf6 10. Qg3 d6 11. Bf4 Bf5 12. Bb3 Qd7 13. a4 a5 14. Rad1
Rad8 15. Rd2 Be6 16. c4 Qc6 17. Qd3 b6 18. c3 Qc5 19. Bc2 Qh5 20. Re1 g6 21.
Qf1 Qg4 22. Re4 Qh5 23. Be3 Bf5 24. Bd1 Qxd1 25. Qxd1 Bxe4 26. Qg4 Bf5 27. Qf3
Bg7 28. Qc6 Rd7 29. c5 bxc5 30. Bxc5 Re8 31. Be3 Rde7 32. h3 Be6 33. Qb5 Ra8
34. Qb7 Rae8 35. Qa7 f5 36. Qxa5 Bf7 37. Qb4 Re4 38. Qb5 Be5 39. g3 Bxg3 40.
fxg3 Rxe3 41. Kf2 R3e5 42. Qd3 Bb3 43. Qa6 Re4 44. Rd4 Re1 45. a5 d5 46. Rd2
Bc4 47. Qc6 Rf1+ 48. Kg2 Ree1 49. Qc5 Kg7 50. Qxc7+ Kh6 51. Qc5 Rh1 52. b3 Ba6
53. b4 d4 54. Qxd4 Bb7+ 55. Kf2 Rhf1# 0-1

[Event "FIDE World Youth U16 Chess Olympiad SLOVAKIA 2016"]
[Site "Poprad Tatry SLOVAKIA"]
[Date "2016.07.22"]
[Round "1"]
[Board "1"]
[White "Macovei, Andrei"]
[Black "Ng, Chung Lok Andrew"]
[Result "1-0"]
[WhiteElo "2396"]
[BlackElo "1648"]
[PlyCount "55"]
[EventDate "2016.07.22"]
[EventType "team"]
[EventRounds "9"]
[EventCountry "SVK"]
[WhiteTeam "Moldova"]
[BlackTeam "Hong Kong"]

1. e4 c5 2. Nf3 Nc6 3. d4 cxd4 4. Nxd4 g6 5. c4 Bg7 6. Be3 Nf6 7. Nc3 Ng4 8.
Qxg4 Nxd4 9. Qd1 Nc6 10. Qd2 d6 11. Be2 h5 12. O-O O-O 13. f4 Bd7 14. Kh1 Rc8
15. Nd5 b6 16. Rac1 Be6 17. b4 Qd7 18. b5 Bxd5 19. exd5 Na5 20. f5 Qe8 21. Rf3
Kh7 22. Bd3 Bf6 23. Rh3 Rh8 24. g4 Kg7 25. gxh5 Rxh5 26. Rxh5 gxh5 27. Rg1+ Kh7
28. Qe2 1-0

[Event "FIDE World Youth U16 Chess Olympiad SLOVAKIA 2016"]
[Site "Poprad Tatry SLOVAKIA"]
[Date "2016.07.22"]
[Round "1"]
[Board "2"]
[White "Deng, Yu Dong Michael"]
[Black "Schitco, Ivan"]
[Result "0-1"]
[WhiteElo "1682"]
[BlackElo "2148"]
[PlyCount "66"]
[EventDate "2016.07.22"]
[EventType "team"]
[EventRounds "9"]
[EventCountry "SVK"]
[WhiteTeam "Hong Kong"]
[BlackTeam "Moldova"]

1. d4 d5 2. c4 dxc4 3. Nf3 Nf6 4. e3 Bg4 5. Bxc4 e6 6. Nc3 a6 7. a4 Nc6 8. O-O
Bd6 9. h3 Bh5 10. Qe2 O-O 11. Rd1 Qe7 12. g4 Bg6 13. Nh4 e5 14. d5 Na5 15. Nxg6
hxg6 16. e4 Nxc4 17. Qxc4 Nd7 18. Be3 Qh4 19. Qf1 f5 20. Qg2 Rf7 21. f3 Raf8
22. Rf1 Nc5 23. Kh2 Nb3 24. Rad1 Nd4 25. Bf2 Qh6 26. Bg3 fxg4 27. fxg4 Qe3 28.
Rxf7 Rxf7 29. Rf1 Rxf1 30. Qxf1 Qd2+ 31. Qf2 Nf3+ 32. Kg2 Ne1+ 33. Kg1 Bc5 0-1

[Event "FIDE World Youth U16 Chess Olympiad SLOVAKIA 2016"]
[Site "Poprad Tatry SLOVAKIA"]
[Date "2016.07.22"]
[Round "1"]
[Board "3"]
[White "Cojocari, Dmitri"]
[Black "Oh, Benjamin Yao Teng"]
[Result "1-0"]
[WhiteElo "2051"]
[BlackElo "1687"]
[PlyCount "47"]
[EventDate "2016.07.22"]
[EventType "team"]
[EventRounds "9"]
[EventCountry "SVK"]
[WhiteTeam "Moldova"]
[BlackTeam "Hong Kong"]

1. e4 c5 2. c3 Nf6 3. e5 Nd5 4. Nf3 e6 5. Bc4 Nb6 6. Bb3 Nc6 7. O-O d5 8. exd6
Bxd6 9. d4 cxd4 10. Nxd4 O-O 11. Nb5 Bb8 12. Be3 Qh4 13. g3 Qh3 14. Bxb6 axb6
15. Qe2 Ne5 16. f4 Ng4 17. Nd2 Bd7 18. Nf3 e5 19. fxe5 Bxb5 20. Qxb5 Ra5 21.
Qe2 Bxe5 22. Ng5 Bd4+ 23. cxd4 Rxg5 24. Rxf7 1-0

[Event "FIDE World Youth U16 Chess Olympiad SLOVAKIA 2016"]
[Site "Poprad Tatry SLOVAKIA"]
[Date "2016.07.22"]
[Round "1"]
[Board "4"]
[White "Deng, Jing Xin Crystal"]
[Black "Martinovici, Ilie"]
[Result "0-1"]
[WhiteElo "1653"]
[BlackElo "2097"]
[PlyCount "73"]
[EventDate "2016.07.22"]
[EventType "team"]
[EventRounds "9"]
[EventCountry "SVK"]
[WhiteTeam "Hong Kong"]
[BlackTeam "Moldova"]

1. d4 d5 2. c4 c6 3. Nf3 Nf6 4. Nc3 a6 5. a4 e6 6. Bg5 Be7 7. e3 a5 8. Bd3 O-O
9. O-O h6 10. Bh4 Na6 11. cxd5 exd5 12. Rc1 Nb4 13. Bb1 Bg4 14. h3 Bh5 15. Qe2
Ne4 16. Bxe7 Qxe7 17. g4 Bg6 18. Kh1 Rae8 19. Rg1 f5 20. Ne5 Qh4 21. Kh2 fxg4
22. Qxg4 Rxf2+ 23. Rg2 Qxg4 24. hxg4 Rxg2+ 25. Kxg2 Bh7 26. Rf1 Nf6 27. Bxh7+
Kxh7 28. Kg3 Nc2 29. Rf3 c5 30. Nb5 cxd4 31. Nxd4 Ne1 32. Rf1 Rxe5 33. Rxe1 Re4
34. Kf3 Nxg4 35. b3 Nxe3 36. Nb5 Nc4 37. Ra1 0-1

[Event "FIDE World Youth U16 Chess Olympiad SLOVAKIA 2016"]
[Site "Poprad Tatry SLOVAKIA"]
[Date "2016.07.22"]
[Round "1"]
[Board "1"]
[White "Van Zyl-Rudd, Jack"]
[Black "Petkov, Matey"]
[Result "1/2-1/2"]
[WhiteElo "1766"]
[BlackElo "2117"]
[PlyCount "70"]
[EventDate "2016.07.22"]
[EventType "team"]
[EventRounds "9"]
[EventCountry "SVK"]
[WhiteTeam "South Africa 2"]
[BlackTeam "Bulgaria"]

1. d4 d5 2. c4 dxc4 3. Nf3 Nf6 4. e3 Bg4 5. Bxc4 e6 6. O-O Bd6 7. h3 Bh5 8.
Nbd2 Nbd7 9. Be2 O-O 10. Nc4 Be7 11. b3 c5 12. Bb2 b5 13. Nce5 Qb6 14. g4 Bg6
15. g5 Nxe5 16. gxf6 Nxf3+ 17. Bxf3 Bxf6 18. Bxa8 Rxa8 19. dxc5 Qxc5 20. Bxf6
gxf6 21. Rc1 Qe5 22. Qd4 Qf5 23. Qg4 Qe5 24. Qd4 Qxd4 25. exd4 a5 26. Rc5 Kg7
27. Rfc1 b4 28. Rb5 Bd3 29. Rb7 Be4 30. Rd7 a4 31. Rcc7 axb3 32. axb3 Rf8 33.
Rc4 Rb8 34. Ra7 Bd5 35. Rcc7 Rf8 1/2-1/2

[Event "FIDE World Youth U16 Chess Olympiad SLOVAKIA 2016"]
[Site "Poprad Tatry SLOVAKIA"]
[Date "2016.07.22"]
[Round "1"]
[Board "2"]
[White "Yordanov, Lachezar"]
[Black "Van Der Lingen, Cornelis Petru"]
[Result "1-0"]
[WhiteElo "2139"]
[BlackElo "1772"]
[PlyCount "83"]
[EventDate "2016.07.22"]
[EventType "team"]
[EventRounds "9"]
[EventCountry "SVK"]
[WhiteTeam "Bulgaria"]
[BlackTeam "South Africa 2"]

1. d4 Nf6 2. c4 g6 3. Nf3 Bg7 4. Nc3 d5 5. g3 O-O 6. Bg2 c5 7. cxd5 Nxd5 8.
Nxd5 Qxd5 9. Be3 Rd8 10. O-O cxd4 11. Nxd4 Qe5 12. Rc1 Na6 13. Qb3 Qa5 14. Bxb7
Bxd4 15. Bxa8 Be6 16. Qb7 Bxe3 17. fxe3 Bd5 18. Qxe7 Rxa8 19. a3 Qb6 20. b4 Be6
21. Rc3 Rf8 22. Rd1 Qb5 23. Rd8 Rxd8 24. Qxd8+ Kg7 25. Qd3 Qe5 26. Qd4 Kf6 27.
b5 Nb8 28. Rc7 Nd7 29. Rxa7 Qxd4 30. exd4 Ke7 31. a4 Bd5 32. b6 Kd6 33. a5 h6
34. Kf2 Nb8 35. Ke3 Nc6 36. Ra8 Kd7 37. b7 Kc7 38. a6 Be6 39. d5 Bxd5 40. Rc8+
Kb6 41. Rxc6+ Bxc6 42. b8=Q+ 1-0

[Event "FIDE World Youth U16 Chess Olympiad SLOVAKIA 2016"]
[Site "Poprad Tatry SLOVAKIA"]
[Date "2016.07.22"]
[Round "1"]
[Board "3"]
[White "Marais, Daniel"]
[Black "Salimova, Nurgyul"]
[Result "0-1"]
[WhiteElo "1771"]
[BlackElo "2136"]
[PlyCount "52"]
[EventDate "2016.07.22"]
[EventType "team"]
[EventRounds "9"]
[EventCountry "SVK"]
[WhiteTeam "South Africa 2"]
[BlackTeam "Bulgaria"]

1. e4 c6 2. c4 d5 3. exd5 cxd5 4. cxd5 Nf6 5. Qa4+ Nbd7 6. Nc3 g6 7. Nf3 Bg7 8.
Bc4 O-O 9. d3 Nb6 10. Qb3 Bg4 11. Ne5 Qd6 12. Nxg4 Nxg4 13. Ne4 Qe5 14. h3 Nf6
15. f4 Qd4 16. Nc3 Rac8 17. Nb5 Qc5 18. Nxa7 Nxc4 19. Nxc8 Ne3 20. Bxe3 Qxe3+
21. Kd1 Rxc8 22. Re1 Qf2 23. Rxe7 Bf8 24. Re2 Qf1+ 25. Re1 Qxg2 26. d4 Bb4 0-1